000 01914nam1a22003011i 4500
001 rc\2874688
005 20260408055318.0
035 _a(NLR Aleph) 007027855
090 _a5973650
_c5973650
100 _a20110720g19321934k||y0rusy50 ca
101 0 _arus
102 _aRU
105 _a| z 1||||
200 1 _aВодные богатства недр земли на службу социалистическому строительству
_e1-й Всесоюзный гидрогеологический съезд. Ленинград, 25-31 декабря 1931 г.
_fНКТП СССР. Всесоюз. геол.-разведочное объединение
210 _aЛенинград
_aМосква
_cГосударственное научно-техническое геолого-разведочное издательство
_d1932-1934
_eв Ленинграде
_gтипография им. Евг. Соколовой
215 _a8 т.
_d26х18
517 1 _a1-й Всесоюзный гидрогеологический съезд. Ленинград, 25-31 декабря 1931 г.
_zrus
532 1 1 _aПервый Всесоюзный гидрогеологический съезд. Ленинград, 25-31 декабря 1931 г.
_zrus
606 _aГидрогеология
_jСборники
_9918718
_3RU\NLR\AUTH\6617385
606 1 _aПодземные воды
_jСборники
_yСССР
_91906225
_3RU\NLR\AUTH\66868311
686 0 _aД460.09(2)я43
_2rubbk
710 1 2 _aВсесоюзный гидрогеологический съезд
_d1
_f1931
_eЛенинград
_3RU\NLR\AUTH\8810202561
_9293166
712 0 2 _4650
_aВсесоюзное геолого-разведочное объединение
_3RU\NLR\AUTH\889917179
_9330527
801 0 _aRU
_bNLR
_gpsbo
801 1 _aRU
_bELAR
_2rusmarc
801 2 _aRU
_bNLR
_c20170720
_2rusmarc
852 _aNLR
_j32-19/358 (1-8)
942 _cBOOK